00527nam a2200169Ia 4500008004100000020001800041041000800059082002000067100001500087245007300102260003800175300000900213500004800222500004100270650001800311700002800329230125s9999 xx 000 0 und d a81-7096-379-6 aeng a658.45bSHA/SAR aSharma R K aCommercial practice : Office procedure and commercial correspondence c1995bKalyani PublisheraLudhiana a282p aOffice management,Commercial correspondence aBusiness Communication;Communication aCommunication aSharma R K & Sarkar S S